000 00708nam a2200229 a 4500
001 70105
003 BD-RjUL
005 20211209081950.0
008 170416s1963 nyua 000 0 eng d
035 _a(BD-RjUL)70317
040 _aDLC
_cOTMC
_dOCoLC
_dUk
_dDLC
_dBD-RjUL
_beng
041 _aeng
082 _223
_a515.63
_bHAM 1963
100 1 _aHawkins, George A.
_q(George Andrew),
_d1907-
_9207629
245 1 0 _aMultilinear analysis for students in engineering and science /
_cG. A.Hawkins
260 _aNew York :
_bWiley,
_c1963
300 _axiv, 219 p. :
_bill. ;
_c22 cm.
500 _aIncludes index
650 0 _aCalculus of tensors.
_9121106
650 0 _aVector analysis.
_9207630
942 _2ddc
_cBK
999 _c70105
_d70105